000
00331pab a2200133 454500
008
180718b1983 xxu||||| |||| 00| 0 eng d
100
_a
Miers, David R.
245
_a
Compensation and conceptions of victims of crime
260
_c
1983
300
_a
204-12
650
_a
Victims of Crime
773
_a
Victimology
909
_a
20231
999
_c
20231
_d
20231